Избранные произведения (Запись № 10901829)

Подробности
000 -МАРКЕР
контрольное поле 02336ncm0a2200457 4500
001 - ИДЕНТИФИКАТОР ЗАПИСИ
контрольное поле RU\NLR\ONIZ\213163
005 - ИДЕНТИФИКАТОР ВЕРСИИ
контрольное поле 20250624205217.0
010 ## - МЕЖДУНАРОДНЫЙ СТАНДАРТНЫЙ НОМЕР КНИГИ (ISBN)
Номер (ISBN) 5-9720-0017-2
021 ## - НОМЕР ГОСУДАРСТВЕННОЙ РЕГИСТРАЦИИ
Код страны российская федерация
Номер 06-50
Номер Листа государственной регистраци 06-02
035 ## - ДРУГИЕ СИСТЕМНЫЕ НОМЕРА
Идентификатор записи RU\NLR\ONIZ\GALA\5000026430\20151129175923
035 ## - ДРУГИЕ СИСТЕМНЫЕ НОМЕРА
Идентификатор записи (NLR Aleph) 010985946
071 20 - ИЗДАТЕЛЬСКИЙ НОМЕР
Номер, присвоенный агентством 0012
100 ## - ДАННЫЕ ОБЩЕЙ ОБРАБОТКИ
Данные общей обработки 20151129d2005 |||y0rusy50 ca
101 0# - ЯЗЫК РЕСУРСА
Язык текста, звукозаписи и т.д. русский
102 ## - СТРАНА ПУБЛИКАЦИИ ИЛИ ПРОИЗВОДСТВА
Страна публикации российская федерация
125 ## - ПОЛЕ КОДИРОВАННЫХ ДАННЫХ: ЗВУКОЗАПИСИ И НОТНЫЕ ИЗДАНИЯ
Форма изложения нотного текста ax
200 1# - ЗАГЛАВИЕ И СВЕДЕНИЯ ОБ ОТВЕТСТВЕННОСТИ
Основное заглавие Избранные произведения
Общее обозначение материала Ноты
Сведения, относящиеся к заглавию для фп.
Первые сведения об ответственности А. С. Аренский
Последующие сведения об ответственности ред. В. А. Самарин
210 ## - ПУБЛИКАЦИЯ, РАСПРОСТРАНЕНИЕ И ДР.
Место издания, распространения и т.д. Москва
Имя издателя, распространителя и т. д. П. Юргенсон
Дата издания, распространения и т.д. cop. 2005
215 ## - ФИЗИЧЕСКАЯ ХАРАКТЕРИСТИКА
Специфическое обозначение материала и объем 72 с.
Размеры 29 см
225 1# - СЕРИЯ
Основное заглавие серии Edition Jurgenson
300 ## - ОБЩИЕ ПРИМЕЧАНИЯ
Текст примечания Парал. рус., англ.
327 1# - ПРИМЕЧАНИЯ О СОДЕРЖАНИИ
Текст примечания 1. Скерцо : op. 8 ;
-- 2. Три эскиза : op. 24 ;
-- 3. Опыты с забытыми ритмами : op. 28
464 #0 - АНАЛИТИЧЕСКИЙ УРОВЕНЬ
Встроенное поле 2001#$aСкерцо$eop. 8
-- 215##$aС.3-9
-- 6061#$aСкерцо для фортепиано$xНоты$yРоссия$z19-20 вв.$2nlr_sh
-- 686##$aЩ954.2-056(28)$vLBC/SL$2rubbk
Заглавие Скерцо
464 #0 - АНАЛИТИЧЕСКИЙ УРОВЕНЬ
Встроенное поле 2001#$aТри эскиза$eop. 24
-- 215##$aС.10-41
-- 6061#$aЦиклы пьес для фортепиано$xНоты$yРоссия$z19 век$2nlr_sh
-- 686##$aЩ954.-054(28)$vLBC/SL$2rubbk
Заглавие Три эскиза
464 #0 - АНАЛИТИЧЕСКИЙ УРОВЕНЬ
Встроенное поле 2001#$aОпыты с забытыми ритмами$eop. 28
-- 215##$aС.42-70
-- 686##$aЩ 954.2-054(28)$vLBC/SL$2rubbk
Заглавие Опыты с забытыми ритмами
606 1# - НАИМЕНОВАНИЕ ТЕМЫ КАК ПРЕДМЕТ
Наименование темы Русская фортепианная музыка
Географический подзаголовок Россия
Хронологический подзаголовок 2-я половина 19 в.
Формальный подзаголовок Ноты
Код системы shnlr
686 ## - ИНДЕКСЫ ДРУГИХ КЛАССИФИКАЦИЙ
Индекс Щ954.2я44(28)
Издание LBC/SL
Код системы
700 #1 - ИМЯ ЛИЦА - ПЕРВИЧНАЯ ОТВЕТСТВЕННОСТЬ
Системный номер авторитетной/нормативной записи z02790
Начальный элемент ввода Аренский
Часть имени, кроме начального элемента ввода А. С.
Даты 1861-1906
Расширение инициалов личного имени Антон Степанович
Код отношения Композитор
Графика поля Кириллица
702 #1 - ИМЯ ЛИЦА - ВТОРИЧНАЯ ОТВЕТСТВЕННОСТЬ
Системный номер авторитетной/нормативной записи z01790
Начальный элемент ввода Самарин
Часть имени, кроме начального элемента ввода В. А.
Даты 1951-
Расширение инициалов личного имени Владимир Аркадьевич
Код отношения Редактор
Графика поля Кириллица
790 #1 - ИМЯ ЛИЦА - АЛЬТЕРНАТИВНАЯ ФОРМА
Системный номер авторитетной/нормативной записи z01702
Начальный элемент ввода Samarin
Часть имени, кроме начального элемента ввода V. A.
Даты 1951-
Расширение инициалов личного имени Vladimir Arkadyevich
Код отношения Редактор
790 #1 - ИМЯ ЛИЦА - АЛЬТЕРНАТИВНАЯ ФОРМА
Системный номер авторитетной/нормативной записи z02700
Начальный элемент ввода Arenskij
Часть имени, кроме начального элемента ввода A. S.
Даты 1861-1906
Расширение инициалов личного имени Anton Stepanovich
Код отношения Композитор
Графика поля Латинская
801 #0 - ИСТОЧНИК ЗАПИСИ
Страна российская федерация
Организация NLR
Дата составления 20151129
Правила каталогизации PSBO
801 #1 - ИСТОЧНИК ЗАПИСИ
Страна российская федерация
Организация NLR
Дата составления 20151129
Источник данных rusmarc
801 #2 - ИСТОЧНИК ЗАПИСИ
Страна российская федерация
Организация NLR
Дата составления 20190630
852 ## - МЕСТОНАХОЖДЕНИЕ И ШИФР ХРАНЕНИЯ
Идентификатор организации NLR
Наименование фонда или коллекции (Sub-Location Identifier) М
Шифр хранения (Call Number) К-3/27852
Страна
Номер экземпляра 1
852 ## - МЕСТОНАХОЖДЕНИЕ И ШИФР ХРАНЕНИЯ
Идентификатор организации NLR
Наименование фонда или коллекции (Sub-Location Identifier) М
Шифр хранения (Call Number) К-3/27852а
Страна
Номер экземпляра 2
942 ## - ДОПОЛНИТЕЛЬНЫЕ ЭЛЕМЕНТЫ ЗАПИСИ (АБИС)
Тип экземпляра АБИС Ноты
980 ## - КОЛЛЕКЦИЯ
Название коллекции Национальная библиография
980 ## - КОЛЛЕКЦИЯ
Название коллекции Отдел нот и звукозаписей
Экземпляры
Тип экземпляра Дата поступления Библиотека постоянного хранения Библиотека текущего хранения Место хранения Шифр хранения Статус не для выдачи
Ноты 29.11.2015 РНБ (Московский) РНБ (Московский) Фонд нот и звукозаписей К-3/27852 К-3/27852  
Ноты 29.11.2015 РНБ (Московский) РНБ (Московский) Фонд нот и звукозаписей К-3/27852а К-3/27852а